| 000 | 00751nam a2200217 a 4500 | ||
|---|---|---|---|
| 001 | 000004046 | ||
| 005 | 20240530073910.0 | ||
| 008 | 090716s2001 dr 001 0 spa d | ||
| 020 | _a9993402087 | ||
| 040 |
_aDO-SdBNP _bspa _cBNPHU |
||
| 082 |
_aRD863.44 _bJ86u |
||
| 100 | 1 |
_aJovine Bermúdez, Federico, _d1944-2017 _925425 |
|
| 245 | 1 | 3 |
_aLa última noche del tratante / _cFederico Jovine Bermúdez. |
| 260 |
_aSanto Domingo : _bBanco de Reservas de la República Dominicana, _c2001. |
||
| 300 |
_a249 p. ; _c23 cm. |
||
| 590 | _aInventariado, 2019/VM | ||
| 650 | 0 |
_aNovela dominicana _9223 |
|
| 650 | 0 |
_aLiteratura dominicana. _967 |
|
| 710 | 2 |
_aBanco de Reservas de la República Dominicana _96285 |
|
| 910 | _aValidado. Control de calidad MMOLINA | ||
| 999 |
_c3865 _d3865 |
||